00325nam a2200121Ia 4500008004100000082001500041100001700056245002300073260003200096300001000128630001800138650004700156211109s9999||||xx |||||||||||||| ||und|| a942bGEO-E aGeorge, Peel 0aEnemies of England bEdward ArnoldaLondonc1902 a287p. xGeneral Stack aGreat BritainvHistory of EnglandxHistory